| 000 | 00356nam a22001337a 4500 | ||
|---|---|---|---|
| 005 | 20260313115531.0 | ||
| 008 | 260313b |||||||| |||| 00| 0 eng d | ||
| 040 | _cFLL | ||
| 041 |
_2eng _aeng |
||
| 100 |
_aAnand, Aman _91131920 |
||
| 245 |
_aAssessing the Right of Victim _bA Critical Analysis |
||
| 260 |
_aDU _c2024 _bFaculty of Law |
||
| 942 |
_2CC _cDIS |
||
| 999 |
_c1715297 _d1715297 |
||